000 00493nam a2200181Ia 4500
003 GCL
008 140319s9999 xx 000 0 aFre d
040 _aGCL /
_cGCL
082 0 4 _aCC
_b726.1
_bF S
100 1 _aAHMED FAKHRY
245 1 0 _aSEPT TOMBEAUX A'L'EST DE LA GRANDE PYRAMIDE DE GUIZEH /
_cAHMED FAKHRY
260 _a[S.N] :
_bI.F.A.O ،
_c1935
650 0 4 _aPYRAMIDS
650 0 4 _aEGYPT, OLD KINGDOM
650 0 4 _aNAZLET EL-SAMMAN
650 0 4 _aKHOUFOU PYRAMID
942 _2ddc
_cBK
999 _c20395
_d20395